000 00753cam a2200229 a 4500
001 727581
005 20180312064131.0
008 980806s1999 nyua 001 0 eng
010 _a 98038898
020 _a0876282621
040 _aDLC
_cDLC
_dDLC
041 _aeng
080 _a540.78 HER
082 0 0 _a540.78 HER
_221
100 1 _a12
101 _aKIM
245 1 0 _aHands-on chemistry activities with real-life applications /
_cNorman Herr, James Cunningham.
246 3 0 _aChemistry activities with real-life applications
906 _a7
_bcbc
_corignew
_d1
_eocip
_f19
_gy-gencatlg
942 _2ddc
_cBK
999 _c44725
_d44725